000 00481nam a2200109Ia 4500
008 160712s9999 xx 000 0 und d
100 _aSankaran, Chitra.
245 _cChitra Sankaran
_aReworlding Asian Female Locations through Literature: An Analysis of Three Novels by Asian Women Writers
260 _c2015
_bJournal of English Studies and Comparative Literature
650 _xLITERATURE
856 _uhttp://journals.upd.edu.ph/index.php/jescl/issue/view/Special%20Edition/showToc
999 _c297069
_d297069